[Event "Regionalliga Sued-West 1718"]
[Site "Bayern"]
[Date "2018.02.25"]
[Round "7.7"]
[White "Joerg, Harald"]
[Black "Greiner, Gregory"]
[Result "1-0"]
[WhiteElo "2047"]
[BlackElo "1865"]
[PlyCount "107"]
[EventDate "2017.10.22"]
[EventType "team-tourn"]
[EventRounds "9"]
[EventCountry "GER"]
[SourceTitle "EXT 2022"]
[Source "ChessBase"]
[SourceDate "2021.10.06"]
[SourceVersion "1"]
[SourceVersionDate "2021.10.06"]
[SourceQuality "1"]
[WhiteTeam "Muenchen SC II"]
[BlackTeam "Garching III"]
[WhiteTeamCountry "GER"]
[BlackTeamCountry "GER"]

1. e4 e5 2. f4 d5 3. exd5 e4 4. d3 Qxd5 5. Qe2 Nf6 6. Nc3 Bb4 7. Bd2 Bxc3 8. Bxc3 Bf5 9. Bxf6 gxf6 10. g4 Bd7 11. Bg2 Bc6 12. Bxe4 Qe6 13. f5 Qe5 14. Bxc6+ Nxc6 15. Nf3 Qxe2+ 16. Kxe2 Kd7 17. Kd2 Rae8 18. Rae1 Rxe1 19. Rxe1 Rg8 20. Re4 h5 21. h3 hxg4 22. Rxg4 Rh8 23. Rh4 Rg8 24. Rh7 Rg3 25. Ke2 Ke7 26. Kf2 Rg8 27. Rh4 Kd6 28. Rg4 Rh8 29. Kg3 Rh5 30. Rf4 Ne5 31. Nxe5 Kxe5 32. Ra4 Rg5+ 33. Kf3 Rxf5+ 34. Ke3 b6 35. Rxa7 Rh5 36. Rxc7 Rxh3+ 37. Kd2 Rh2+ 38. Kc3 f5 39. Rxf7 Rh6 40. a4 Rc6+ 41. Kd2 Kf4 42. c3 Rh6 43. c4 Rh2+ 44. Kc3 Rf2 45. Rf6 Ke5 46. Rxb6 f4 47. Rb8 f3 48. Rf8 Rf1 49. Re8+ Kf4 50. Kd4 f2 51. Rf8+ Kg3 52. c5 Rh1 53. c6 Rh4+ 54. Ke3 1-0